| 000 | 00519nam a2200169 i 4500 | ||
|---|---|---|---|
| 001 | 67789 | ||
| 003 | ES-MaACL | ||
| 005 | 20230906170141.0 | ||
| 007 | t| | ||
| 008 | 040205s1970 sp ||||1| spa d | ||
| 100 | 1 |
_aGallaguer, Mary Barelli. _953469 |
|
| 245 | 1 | 0 |
_aMi vida con Jacqueline Kennedy / _cMary Barelli Gallaguer ; traducido por Juan Iglesias. |
| 260 |
_aBarcelona : _bGrijalbo, _c[1970] |
||
| 300 |
_a453 p., 8 lám. ; _c20 cm. |
||
| 700 | 1 |
_aIglesias, Juan. _965083 |
|
| 852 |
_aES-MaACL _jC-39913 _bR.74184 |
||
| 999 |
_c67789 _d67789 |
||